| 000 | 00850nam a22002777a 4500 | ||
|---|---|---|---|
| 003 | DO-SdBNP | ||
| 005 | 20180124100610.0 | ||
| 008 | 151123b 1975 sp ||||| |||| 00| 0 spa d | ||
| 040 |
_aBPMSU _bspa _cBPMSU |
||
| 041 | 1 | 7 |
_aeng _hfre |
| 092 |
_axxxxx _bxxxxx |
||
| 100 | 1 |
_aFeval, Paul, _d1860-1933. |
|
| 240 | 1 | 0 |
_aLe bossu. _lEspañol. |
| 245 |
_aEnrique de Lagardere / _cPaul Féval ; adaptación Maricel Lagresa Colom ; ilustración Antonio Carrillo. |
||
| 260 |
_aBarcelona : _bBruguera, _c1975. |
||
| 300 |
_a124 p. : _bil. ; _c27 cm. |
||
| 490 | 1 | _aHistorias Color | |
| 490 | 1 |
_aGrandes Aventuras _v5 |
|
| 700 | 1 | 2 | _aLagresa Colom, Maricel |
| 700 | 1 | 2 |
_aCarrillo, Antonio, _eil. |
| 830 | 0 | _aHistorias color | |
| 830 | 0 |
_n5 _pGrandes Aventuras |
|
| 942 |
_2ddc _cBK |
||
| 945 | _aInventariado, 2018 /LP | ||
| 956 |
_aLOPEREZ _b10 |
||
| 999 |
_c8866 _d8866 |
||